| 000 | 00338nam a22001337a 4500 | ||
|---|---|---|---|
| 020 | _qPB | ||
| 040 | _cFIZZA ISAHQ | ||
| 082 |
_a686.2 _bGIA |
||
| 100 |
_aR J, GIARDINO. _991686 |
||
| 245 |
_aCHANGING THE FACE OF EARTH ENGINEERING GEOMORPHOLOGY / _cGIARDINO J R. |
||
| 260 |
_aELSEVIER ; _c2000. |
||
| 300 | _a439 P. ; | ||
| 942 |
_2ddc _cBK |
||
| 999 |
_c589842 _d589842 |
||